000
00192nam a22000857a 4500
050
_a
PL8701
_b
.I74
245
_a
Introductory kiswahili :
_b
students manual /
300
_a
xviii, 236 p.
942
_c
GEN
999
_c
2918
_d
2918